Private members' bills in the British Parliament.

Saved in:
Bibliographic Details
Main Author: Bromhead, Peter
Format: Book
Language:English
Published: London : Routledge & K. Paul, 1956.
Subjects:
LEADER 00821nam a2200229 i 4500
001 c000240147
003 CARM
005 00000000000000.0
008 840305s1956 enk b 000 0deng d
019 1 |a 4131327  |z 25296153  |5 LACONCORD2021 
035 |a (OCoLC)364351  |5 LACONCORD2021 
043 |a e-uk--- 
082 0 4 |a 328.420778 
100 1 |a Bromhead, Peter. 
245 1 0 |a Private members' bills in the British Parliament. 
260 |a London :  |b Routledge & K. Paul,  |c 1956. 
300 |a 216p. 
504 |a Bibliography: p.211. 
610 1 0 |a Great Britain.  |b Parliament  |x Private bills. 
852 8 |b CARM  |h A2:AR29A0  |i B06936  |p 0334674  |f BK 
999 f f |i ed7d8bfe-c93c-53b0-84f1-a3cb9e54cba8  |s 7eb8d023-4998-5035-9bb2-2cd794f7c18e 
952 f f |p Can circulate  |a CAVAL  |b CAVAL  |c CAVAL  |d CARM 1 Store  |e B06936  |f A2:AR29A0  |h Other scheme  |i book  |m 0334674